• 首页
  • 本馆介绍
  • 公告通知
  • 最新文献
  • 馆藏检索
  • 电子资源
  • 读者导购
  • 参考咨询
  • 我的图书馆
  • 登录
  • 详细信息显示
  • 放入我的书架
  • 预约/预借图书
  • 作者相关作品
  • 分类相关作品
  • 丛书相关作品
  • 出版社相关作品

书目信息

  • 表格格式
  • 工作单格式
  • 卡片格式
题名:
现代包装设计理念变革与创新设计
    
 
作者: 张红辉 著
分册:  
出版信息: 北京   中国纺织出版社有限公司  2019
页数: 200页
开本: 24cm
丛书名:
单 册:
中图分类: TB482
科图分类:
主题词: 包装设计--研究
电子资源:
ISBN: 978-7-5180-6531-8
000 00888nam0 2200241 450
001 2332150348
005 20231024085602.75
010    @a978-7-5180-6531-8@dCNY69.00
100    @a20200526d2019 em y0chiy50 ea
101 0  @achi
102    @aCN@b110000
105    @aa z 000yy
200 1  @a现代包装设计理念变革与创新设计@Axian dai bao zhuang she ji li nian bian ge yu chuang xin she ji@f张红辉著
210    @a北京@c中国纺织出版社有限公司@d2019
215    @a200页@c图,照片@d24cm
312    @a封面英文题名:Modern packaging design
330    @a本书以包装设计的创新为主题,在对包装设计原理进行分析的基础上,围绕包装设计理念的革新、包装设计材料的创新和具体包装手法的创新展开。
510 1  @aModern packaging design@zeng
606 0  @a包装设计@x研究
690    @aTB482@v5
701  0 @a张红辉@Azhang hong hui@f(1970.3-)@4著
801  0 @aCN@b91MARC@c20200604
905    @aZUCC@dTB482@e3
    
    现代包装设计理念变革与创新设计/张红辉著.-北京:中国纺织出版社有限公司,2019
    200页:图,照片;24cm
    
    
    ISBN 978-7-5180-6531-8:CNY69.00
    本书以包装设计的创新为主题,在对包装设计原理进行分析的基础上,围绕包装设计理念的革新、包装设计材料的创新和具体包装手法的创新展开。
●
相关链接 在五车中查询图书 在当当中查询图书 在豆瓣中查询图书


正题名:现代包装设计理念变革与创新设计     索取号:TB482/3         预约/预借

序号 登录号 条形码 馆藏地/架位号 状态 备注
1 2001035565   2001035565   第四书库/四28架B面4层4列/ [索取号:TB482/3] 在馆    
2 2001035566   2001035566   第四书库/四28架B面4层4列/ [索取号:TB482/3] 在馆    
3 2001035567   2001035567   第四书库/四28架B面4层4列/ [索取号:TB482/3] 在馆    
4 2001035568   2001035568   第四书库/四28架B面4层4列/ [索取号:TB482/3] 在馆    
5 2001035569   2001035569   第四书库/四28架B面4层4列/ [索取号:TB482/3] 在馆    
6 2001035570   2001035570   第四书库/四28架B面4层4列/ [索取号:TB482/3] 在馆    
山东省滨州职业学院图书馆 欢迎您!
大连网信软件有限公司© 版权所有